000 00965nas a2200313 4500
001 BR9508152
003 BR-BrBNA
005 20231205095506.0
007 ta
008 230509b bl.|||p| |||| 00| 00por d
040 _aBR-BrBNA
_bpor
_cBiblioteca Nacional de Agricultura
041 _a(Pt)
072 _aF04
100 1 _aSantos, L.P.
100 1 _aCarvalho, M.M. de
100 1 _aCarvalho, J.G. de
245 1 _aEfeitos de doses de nitrato de potassio e esterco de curral na composicao do substrato para formacao de mudas de cafeeiro (Coffea arabica L.)
650 _aMuda
650 _aCafe
650 _aNitrogenio
650 _aFertilizante Nitrogenado
650 _aComposicao Quimica
650 _aEsterco
650 _aCurral
650 _aNitrato de Potassio
773 0 _tCiencia e Pratica (Brazil)
_xISSN 0100-3267
_g(Jan-Mar 1994), v. 18(1) p. 42-48
_wBR9508152
909 _a202311
_bLúcia
_c55
_dLúcia Elande
942 _2AGRIS
_n0
_cANA
999 _c151020
_d151020